Mis reflexiones para ti / (Record no. 180217)
[ view plain ]
| 000 -LEADER | |
|---|---|
| campo de control de longitud fija | 00807nam a2200229 i 4500 |
| 001 - NÚMERO DE CONTROL | |
| campo de control | 180217 |
| 003 - IDENTIFICADOR DE NÚMERO DE CONTROL | |
| campo de control | ES-MaACL |
| 005 - FECHA Y HORA DE LA ÚLTIMA TRANSACCIÓN | |
| campo de control | 20250822012615.0 |
| 008 - DATOS DE LONGITUD FIJA--INFORMACIÓN GENERAL | |
| campo de control de longitud fija | 120518s2011 sp a |||| | spa d |
| 020 ## - NÚMERO INTERNACIONAL ESTÁNDAR DEL LIBRO | |
| Número Internacional Estándar del Libro | 978-84-9948-530-0 |
| 080 ## - NÚMERO DE LA CLASIFICACIÓN DECIMAL UNIVERSAL | |
| Número de la Clasificación Decimal Universal | 159.923.2 |
| 100 1# - ENTRADA PRINCIPAL--NOMBRE DE PERSONA | |
| Nombre de persona | Sansano Antón, Maribel. |
| 9 (RLIN) | 150163 |
| 245 10 - MENCIÓN DEL TÍTULO | |
| Título | Mis reflexiones para ti / |
| Mención de responsabilidad, etc. | Maribel Sansano Antón. |
| 260 ## - PUBLICACIÓN, DISTRIBUCIÓN, ETC. | |
| Lugar de publicación, distribución, etc. | San Vicente (Alicante) : |
| Nombre del editor, distribuidor, etc. | Editorial Club Universitario, |
| Fecha de publicación, distribución, etc. | [2011] |
| 300 ## - DESCRIPCIÓN FÍSICA | |
| Extensión | 129 p. : |
| Otras características físicas | il. ; |
| Dimensiones | 21 cm. |
| 650 07 - PUNTO DE ACCESO ADICIONAL DE MATERIA--TÉRMINO DE MATERIA | |
| Término de materia o nombre geográfico como elemento de entrada | Autoayuda |
| Fuente del encabezamiento o término | embne |
| 9 (RLIN) | 10421 |
| 852 ## - LOCALIZACIÓN | |
| Ubicación | ES-MaACL |
| Número de control de estantería | A-12110 |
| itemnumber | 187130 |
| Sublocalización o colección | R.148272 |
| Ubicación en estantería | Depósito 1 |
| Signatura antigua | Olim: N-5115 |
| Encuadernación | Donación: de la autora Maribel Sansano Antón |
| 903 ## - NOMBRE PERSONAL DE DONANTE | |
| 9 | 150163 |
| a | Sansano Antón, Maribel |
| e | Donante |
| 942 ## - ELEMENTOS DE ENTRADA SECUNDARIOS (KOHA) | |
| Fuente del sistema de clasificación o colocación | Clasificación decimal universal |
| Tipo de ítem Koha | Libro impreso |
| Estatus retirado | Estado de pérdida | Fuente del sistema de clasificación o colocación | Estado de daño | No para préstamo | Biblioteca de origen | Biblioteca actual | Ubicación en estantería | Fecha de adquisición | Fuente de adquisición | Total de préstamos | Signatura topográfica completa | Código de barras | Visto por última vez | Precio de reemplazo | Tipo de ítem Koha |
|---|---|---|---|---|---|---|---|---|---|---|---|---|---|---|---|
| Clasificación decimal universal | Biblioteca del Ateneo de Madrid | Biblioteca del Ateneo de Madrid | Depósito 1 | 18/05/2012 | Donación | A-12110 | 1189367 | 23/02/2023 | 23/02/2023 | Libro impreso |
